[Event "Irish Championship 2004"]
[Site "Limerick IRL"]
[Date "2004.07.12"]
[Round "3"]
[White "McPhillips, Karl"]
[Black "Brady, Stephen"]
[Result "1-0"]
[BlackTitle "FM"]
[WhiteElo "2172"]
[BlackElo "2365"]
[WhiteICU "2099"]
[BlackICU "2365"]
[WhiteClub "Kilkenny"]
[BlackClub "Phibsboro"]
[WhiteNationality "IRL"]
[BlackNationality "IRL"]
[WhiteFideId "2501503"]
[BlackFideId "2500124"]
[WhiteICUId "5243"]
[BlackICUId "90"]
[PlyCount "80"]
[Venue "Kilmurry Lodge Hotel, Dublin Rd, N7, Castletroy, Limerick"]
[EventDate "2004.07.10"]
[Source "ICU games archive"]

{ Annotator: Gerry Graham, <a
href="https://www.irlchess.com/irlch2004_allfiles/gerrygrahamreports/bulletin3.htm">Round
3 bulletin</a>. } { Event information: <a
href="https://www.irlchess.com/irlch2004_allfiles/pairings_irlch2004.html">Tournament
report</a>. }

1. d4 Nf6 2. c4 e6 3. Nc3 Bb4 4. Bg5 h6 5. Bh4 b6 6. f3 Bxc3+ 7. bxc3 d6 8.
e4 Nbd7 9. Bd3 e5 10. Ne2 Nf8 11. Bf2 Ne6 12. Qd2 O-O 13. Be3 Nh5 14. g4
Nf6 15. Ng3 Nh7 16. h4 Re8 17. Kf2 c5 18. d5 Nef8 19. Rag1 f6 20. Nf5 Kf7
21. Kf1 g6 22. Nxh6+ Ke7 23. g5 Kd7 24. h5 fxg5 25. hxg6 Nxg6 26. Nf7 Qf6
27. Rxh7 Qxf3+ 28. Ke1 Re7 29. Nxg5 Qf6 30. Rf1 Nf4 31. Rxe7+ Kxe7 32. Bxf4
exf4 33. Rxf4 Qh8 34. Rf7+ Ke8 35. Rh7 Qe5 36. Kd1 Bd7 37. Kc2 Qf6 38. Qh2
Kd8 39. Rh8+ Be8 40. Ne6+ Ke7 1-0

[Event "Irish Championship 2004"]
[Site "Limerick IRL"]
[Date "2004.07.12"]
[Round "3"]
[White "Mudrak, Josef"]
[Black "Freeman, Gordon"]
[Result "1-0"]
[WhiteTitle "FM"]
[WhiteElo "2353"]
[BlackElo "2066"]
[BlackICU "1956"]
[BlackClub "Gonzaga"]
[WhiteNationality "CZE"]
[BlackNationality "IRL"]
[WhiteFideId "301116"]
[BlackFideId "2501309"]
[BlackICUId "4153"]
[PlyCount "77"]
[Venue "Kilmurry Lodge Hotel, Dublin Rd, N7, Castletroy, Limerick"]
[EventDate "2004.07.10"]
[Source "ICU games archive"]
[WhiteFullName "Mudr&aacute;k, Josef"]

{ Event information: <a
href="https://www.irlchess.com/irlch2004_allfiles/pairings_irlch2004.html">Tournament
report</a>. }

1. d4 Nf6 2. Nf3 g6 3. g3 Bg7 4. Bg2 d5 5. c4 c6 6. O-O O-O 7. cxd5 cxd5 8.
Qd3 Nc6 9. Bf4 b6 10. Rc1 Bb7 11. Nc3 Na5 12. Qd1 Nh5 13. Ne5 Nxf4 14. gxf4
e6 15. Rc2 Nc6 16. Nb5 Nxe5 17. fxe5 f6 18. Nc7 fxe5 19. Nxe6 Qh4 20. Nxf8
Rxf8 21. e3 exd4 22. exd4 Bxd4 23. Qe1 Qf4 24. Qd2 Qh4 25. Qe1 Qf4 26. Qe6+
Kh8 27. Qh3 Bxf2+ 28. Kh1 Be3 29. Re1 Bc5 30. Rf1 Qd6 31. Rxf8+ Qxf8 32.
Qd7 Qh6 33. Qd8+ Kg7 34. Qc7+ Kf6 35. Qg3 Qh5 36. Rc1 Qe5 37. Rf1+ Ke6 38.
Bh3+ Kd6 39. Rf6+ 1-0

[Event "Irish Championship 2004"]
[Site "Limerick IRL"]
[Date "2004.07.12"]
[Round "3"]
[White "Orr, Mark J. L."]
[Black "Jones, Gawain"]
[Result "1/2-1/2"]
[WhiteTitle "IM"]
[BlackTitle "FM"]
[WhiteElo "2338"]
[BlackElo "2453"]
[WhiteICU "2273"]
[WhiteClub "Wandering Dragons SCO"]
[WhiteNationality "IRL"]
[BlackNationality "ENG"]
[WhiteFideId "2500035"]
[BlackFideId "409561"]
[WhiteICUId "1350"]
[BlackICUId "7685"]
[PlyCount "73"]
[Venue "Kilmurry Lodge Hotel, Dublin Rd, N7, Castletroy, Limerick"]
[EventDate "2004.07.10"]
[Source "ICU games archive"]

{ Event information: <a
href="https://www.irlchess.com/irlch2004_allfiles/pairings_irlch2004.html">Tournament
report</a>. }

1. d4 Nf6 2. Bg5 c5 3. Bxf6 gxf6 4. c3 cxd4 5. cxd4 d5 6. Nc3 Nc6 7. e3 e6
8. g3 Bd6 9. Bg2 f5 10. Nge2 Bd7 11. Nf4 Qb6 12. Nd3 Nb4 13. Rb1 Bb5 14.
Bf1 Rc8 15. a3 Nxd3+ 16. Bxd3 Bxd3 17. Qxd3 a6 18. O-O h5 19. Rfc1 Qd8 20.
Nxd5 exd5 21. Qxf5 Rc7 22. Qxd5 h4 23. e4 hxg3 24. hxg3 Rd7 25. Qf5 Bc7 26.
Rc4 Rh6 27. Rbc1 Kf8 28. d5 Qe7 29. Kg2 Kg7 30. f4 Bb6 31. Rc8 Rd8 32. Rxd8
Qxd8 33. Rc8 Qd6 34. Qg5+ Rg6 35. Qh5 Rh6 36. Qg5+ Rg6 37. Qh4 1/2-1/2

[Event "Irish Championship 2004"]
[Site "Limerick IRL"]
[Date "2004.07.12"]
[Round "3"]
[White "Ryan, Joe"]
[Black "Walsh, Paul"]
[Result "1-0"]
[WhiteTitle "FM"]
[WhiteElo "2294"]
[BlackElo "2052"]
[WhiteICU "2316"]
[BlackICU "1991"]
[WhiteClub "Phibsboro"]
[BlackClub "Sarsfield"]
[WhiteNationality "IRL"]
[BlackNationality "IRL"]
[WhiteFideId "2500426"]
[BlackFideId "2501260"]
[WhiteICUId "1525"]
[BlackICUId "3820"]
[PlyCount "81"]
[Venue "Kilmurry Lodge Hotel, Dublin Rd, N7, Castletroy, Limerick"]
[EventDate "2004.07.10"]
[Source "ICU games archive"]

{ Event information: <a
href="https://www.irlchess.com/irlch2004_allfiles/pairings_irlch2004.html">Tournament
report</a>. }

1. d4 Nf6 2. Nf3 e6 3. e3 c5 4. Bd3 cxd4 5. exd4 b6 6. O-O Bb7 7. c4 Be7 8.
Nc3 d5 9. cxd5 Nxd5 10. Ne5 O-O 11. Qg4 Nxc3 12. bxc3 Nd7 13. Bh6 Bf6 14.
Qh3 Nxe5 15. dxe5 gxh6 16. exf6 Qxf6 17. Rae1 Rac8 18. Re3 Rc5 19. f4 Rfc8
20. f5 e5 21. c4 Kh8 22. Rg3 Rg8 23. Rxg8+ Kxg8 24. Qg3+ Qg5 25. f6 Qxg3
26. hxg3 Rc8 27. Rd1 e4 28. Be2 Kf8 29. Rd7 Bc6 30. Rxa7 Be8 31. Ra6 Rc6
32. a4 Rxf6 33. a5 Rd6 34. axb6 Rd2 35. Ra8 Rxe2 36. b7 Rb2 37. b8=Q Rxb8
38. Rxb8 Ke7 39. Kf2 Bd7 40. Ke3 f5 41. Rh8 1-0

[Event "Irish Championship 2004"]
[Site "Limerick IRL"]
[Date "2004.07.12"]
[Round "3"]
[White "Short, Philip"]
[Black "Fox, Anthony"]
[Result "1-0"]
[WhiteTitle "FM"]
[WhiteElo "2298"]
[BlackElo "2123"]
[BlackICU "2059"]
[BlackClub "Dun Laoghaire"]
[WhiteNationality "IRL"]
[BlackNationality "IRL"]
[WhiteFideId "2500086"]
[BlackFideId "2500736"]
[WhiteICUId "1557"]
[BlackICUId "456"]
[PlyCount "65"]
[Venue "Kilmurry Lodge Hotel, Dublin Rd, N7, Castletroy, Limerick"]
[EventDate "2004.07.10"]
[Source "ICU games archive"]

{ Event information: <a
href="https://www.irlchess.com/irlch2004_allfiles/pairings_irlch2004.html">Tournament
report</a>. }

1. d4 d5 2. Nf3 Nf6 3. c4 e6 4. Nc3 Be7 5. Bf4 O-O 6. e3 c5 7. dxc5 Bxc5 8.
Qc2 Nc6 9. O-O-O Qa5 10. Nd2 Be7 11. Nb3 Qd8 12. a3 a6 13. e4 d4 14. e5 Nh5
15. Be3 Nxe5 16. Bxd4 Nd7 17. h4 Qc7 18. g4 Nf4 19. Be3 Nc5 20. Nxc5 Bxc5
21. h5 e5 22. Bxf4 exf4 23. Bd3 Bxg4 24. Rdg1 f5 25. Be4 fxe4 26. Rxg4 Rf7
27. Nxe4 Rd8 28. Ng5 g6 29. Nxf7 Qxf7 30. hxg6 hxg6 31. Rxg6+ Kf8 32. Rh8+
Ke7 33. Qe4+ 1-0

[Event "Irish Championship 2004"]
[Site "Limerick IRL"]
[Date "2004.07.12"]
[Round "3"]
[White "Wallace, Paul"]
[Black "Soh, Edmund"]
[Result "1/2-1/2"]
[WhiteElo "2171"]
[BlackElo "2068"]
[WhiteICU "2211"]
[WhiteClub "Lichfield ENG"]
[WhiteNationality "IRL"]
[BlackNationality "ENG"]
[WhiteFideId "2500892"]
[BlackFideId "408964"]
[WhiteICUId "5201"]
[PlyCount "68"]
[Venue "Kilmurry Lodge Hotel, Dublin Rd, N7, Castletroy, Limerick"]
[EventDate "2004.07.10"]
[Source "ICU games archive"]

{ Event information: <a
href="https://www.irlchess.com/irlch2004_allfiles/pairings_irlch2004.html">Tournament
report</a>. }

1. e4 d6 2. d4 Nf6 3. Nc3 g6 4. Bg5 c6 5. Qd2 b5 6. Bd3 Nbd7 7. Nf3 Qc7 8.
O-O Bg7 9. e5 dxe5 10. dxe5 Nxe5 11. Nxe5 Qxe5 12. Rfe1 Qc7 13. a4 b4 14.
Ne4 Nd5 15. c4 bxc3 16. Nxc3 Nf6 17. Bxf6 Bxf6 18. Qh6 Be6 19. Rac1 O-O-O
20. Nb5 Qa5 21. Be4 Bd5 22. Bxd5 Rxd5 23. Rxc6+ Kb7 24. Rc7+ Kb8 25. Rec1
Qxa4 26. Rc8+ Rxc8 27. Rxc8+ Kxc8 28. Qc1+ Kd7 29. Qc7+ Ke6 30. Qc6+ Ke5
31. Qc3+ Kf5 32. Qf3+ Ke5 33. Qe3+ Kf5 34. Qf3+ Ke5 1/2-1/2

[Event "Irish Championship 2004"]
[Site "Limerick IRL"]
[Date "2004.07.13"]
[Round "4"]
[White "Fox, Anthony"]
[Black "Wallace, Paul"]
[Result "1/2-1/2"]
[WhiteElo "2123"]
[BlackElo "2171"]
[WhiteICU "2059"]
[BlackICU "2211"]
[WhiteClub "Dun Laoghaire"]
[BlackClub "Lichfield ENG"]
[WhiteNationality "IRL"]
[BlackNationality "IRL"]
[WhiteFideId "2500736"]
[BlackFideId "2500892"]
[WhiteICUId "456"]
[BlackICUId "5201"]
[PlyCount "73"]
[Venue "Kilmurry Lodge Hotel, Dublin Rd, N7, Castletroy, Limerick"]
[EventDate "2004.07.10"]
[Source "ICU games archive"]

{ Event information: <a
href="https://www.irlchess.com/irlch2004_allfiles/pairings_irlch2004.html">Tournament
report</a>. }

1. e4 c5 2. Nc3 Nc6 3. g3 g6 4. Bg2 Bg7 5. d3 e6 6. Be3 d6 7. Qd2 Nd4 8. f4
Ne7 9. Nf3 O-O 10. O-O Rb8 11. Rab1 b5 12. Ne2 Nxf3+ 13. Bxf3 Bb7 14. d4
Qc7 15. c3 a5 16. g4 f5 17. Ng3 c4 18. Rbe1 Rbe8 19. gxf5 exf5 20. exf5
Bxf3 21. Rxf3 Qb7 22. Qf2 Nxf5 23. Nxf5 gxf5 24. Rg3 Kh8 25. Bd2 Bf6 26.
Rg2 Re4 27. Rxe4 Qxe4 28. Qe1 Qc6 29. Qe6 Qf3 30. Qe2 Qd5 31. a3 b4 32.
axb4 axb4 33. h3 Ra8 34. Kh2 Qf7 35. Qf3 d5 36. cxb4 Bxd4 37. Bc3 1/2-1/2

[Event "Irish Championship 2004"]
[Site "Limerick IRL"]
[Date "2004.07.13"]
[Round "4"]
[White "Freeman, Gordon"]
[Black "White, Kevin"]
[Result "1/2-1/2"]
[WhiteElo "2066"]
[BlackElo "2045"]
[WhiteICU "1956"]
[WhiteClub "Gonzaga"]
[WhiteNationality "IRL"]
[BlackNationality "ENG"]
[WhiteFideId "2501309"]
[BlackFideId "410624"]
[WhiteICUId "4153"]
[PlyCount "82"]
[Venue "Kilmurry Lodge Hotel, Dublin Rd, N7, Castletroy, Limerick"]
[EventDate "2004.07.10"]
[Source "ICU games archive"]

{ Event information: <a
href="https://www.irlchess.com/irlch2004_allfiles/pairings_irlch2004.html">Tournament
report</a>. }

1. e4 e6 2. d4 c5 3. d5 exd5 4. exd5 d6 5. Nf3 Nf6 6. Be2 Be7 7. O-O O-O 8.
Nc3 Na6 9. Re1 Nc7 10. a4 b6 11. Ng5 Bb7 12. Bf3 h6 13. Nh3 a6 14. Nf4 b5
15. axb5 axb5 16. Rxa8 Bxa8 17. Qe2 Re8 18. Nxb5 Bf8 19. Be3 Ncxd5 20. Nxd5
Bxd5 21. Rd1 Bxf3 22. Qxf3 Qb6 23. c4 d5 24. b3 d4 25. Bf4 Qe6 26. g3 Qe2
27. Qd3 Ng4 28. Qxe2 Rxe2 29. Rd2 Re1+ 30. Kg2 g5 31. Bc7 Rb1 32. h3 Nf6
33. Rd3 Rb2 34. Kf3 Ne8 35. Ba5 f5 36. g4 f4 37. Bd2 Kf7 38. Ke4 Ke6 39. b4
Nf6+ 40. Kf3 Nd7 41. Ke4 Nf6+ 1/2-1/2

[Event "Irish Championship 2004"]
[Site "Limerick IRL"]
[Date "2004.07.13"]
[Round "4"]
[White "Jones, Gawain"]
[Black "Short, Philip"]
[Result "1-0"]
[WhiteTitle "FM"]
[BlackTitle "FM"]
[WhiteElo "2453"]
[BlackElo "2298"]
[WhiteNationality "ENG"]
[BlackNationality "IRL"]
[WhiteFideId "409561"]
[BlackFideId "2500086"]
[WhiteICUId "7685"]
[BlackICUId "1557"]
[PlyCount "99"]
[Venue "Kilmurry Lodge Hotel, Dublin Rd, N7, Castletroy, Limerick"]
[EventDate "2004.07.10"]
[Source "ICU games archive"]

{ Event information: <a
href="https://www.irlchess.com/irlch2004_allfiles/pairings_irlch2004.html">Tournament
report</a>. }

1. e4 e6 2. d3 d5 3. Qe2 dxe4 4. dxe4 e5 5. Nf3 Nc6 6. Qb5 Bd6 7. Bg5 f6 8.
Be3 Ne7 9. c3 Be6 10. Nbd2 a6 11. Qa4 O-O 12. Bc4 Qd7 13. O-O Kh8 14. Bxe6
Qxe6 15. Rfd1 Nd8 16. Qb3 Qxb3 17. axb3 Ne6 18. b4 Nc6 19. Nc4 Be7 20. Rd5
Rfd8 21. Nfd2 b5 22. Na3 Bd6 23. Nb3 Ne7 24. Rdd1 f5 25. f3 fxe4 26. fxe4
Ng8 27. Na5 Nf6 28. Nb7 Re8 29. Nxd6 cxd6 30. Rxd6 Nxe4 31. Rc6 Nf8 32. g3
Rec8 33. Rxc8 Rxc8 34. Nc2 Rc6 35. Ne1 Nd7 36. Nd3 Kg8 37. Re1 Nef6 38. Bg5
h6 39. Bxf6 gxf6 40. Kf2 Kf7 41. g4 Rc4 42. Kg3 Ke6 43. Ra1 Rc6 44. Kf3 f5
45. gxf5+ Kxf5 46. Ke3 Rg6 47. b3 Rg2 48. Rxa6 Rxh2 49. Nf2 Nf6 50. Rxf6+
1-0

[Event "Irish Championship 2004"]
[Site "Limerick IRL"]
[Date "2004.07.13"]
[Round "4"]
[White "Joyce, John"]
[Black "McPhillips, Karl"]
[Result "0-1"]
[WhiteElo "2271"]
[BlackElo "2172"]
[WhiteICU "2235"]
[BlackICU "2099"]
[WhiteClub "Bray/Greystones"]
[BlackClub "Kilkenny"]
[WhiteNationality "IRL"]
[BlackNationality "IRL"]
[WhiteFideId "2500655"]
[BlackFideId "2501503"]
[WhiteICUId "658"]
[BlackICUId "5243"]
[PlyCount "126"]
[Venue "Kilmurry Lodge Hotel, Dublin Rd, N7, Castletroy, Limerick"]
[EventDate "2004.07.10"]
[Source "ICU games archive"]

{ Event information: <a
href="https://www.irlchess.com/irlch2004_allfiles/pairings_irlch2004.html">Tournament
report</a>. }

1. e4 c5 2. Nc3 Nc6 3. f4 g6 4. Nf3 Bg7 5. Bb5 Nd4 6. O-O Nxb5 7. Nxb5 d5
8. e5 b6 9. d4 Ba6 10. a4 Bxb5 11. axb5 c4 12. b3 cxb3 13. c3 Nh6 14. Qxb3
O-O 15. Ne1 Qd7 16. Bd2 Rfc8 17. Nd3 e6 18. Ra6 Bf8 19. Rfa1 Qb7 20. h3 Nf5
21. g4 Ng3 22. Nf2 h5 23. Kg2 h4 24. Be1 Rc7 25. Nd1 Ne2 26. Kf3 Ng1+ 27.
Kg2 Ne2 28. Kf3 Ng1+ 29. Ke3 g5 30. fxg5 Nxh3 31. Bxh4 Be7 32. R6a2 Bxg5+
33. Bxg5 Nxg5 34. Rh2 Ne4 35. Qb2 Qc8 36. Kd3 Qf8 37. Rc1 Qg7 38. Kc2 a6
39. bxa6 Qg6 40. Kb3 Rxa6 41. Ra1 Rca7 42. Rxa6 Rxa6 43. Ne3 Qg5 44. Qc1
Qe7 45. Ra2 Qd7 46. Rxa6 Qb5+ 47. Kc2 Qxa6 48. Kb3 Qb5+ 49. Ka2 Qe2+ 50.
Ka3 Nd2 51. Nd1 Nc4+ 52. Kb4 Qxg4 53. Nb2 Na5 54. Kb5 Qh4 55. Kxb6 Qd8+ 56.
Kb5 Nb3 57. Qg1+ Kf8 58. Qe3 Qa5+ 59. Kc6 Qa6+ 60. Kc7 Qa7+ 61. Kd8 Qe7+
62. Kc8 Na5 63. Qh6+ Kg8 0-1

[Event "Irish Championship 2004"]
[Site "Limerick IRL"]
[Date "2004.07.13"]
[Round "4"]
[White "Orr, Mark J. L."]
[Black "Mudrak, Josef"]
[Result "1/2-1/2"]
[WhiteTitle "IM"]
[BlackTitle "FM"]
[WhiteElo "2338"]
[BlackElo "2353"]
[WhiteICU "2273"]
[WhiteClub "Wandering Dragons SCO"]
[WhiteNationality "IRL"]
[BlackNationality "CZE"]
[WhiteFideId "2500035"]
[BlackFideId "301116"]
[WhiteICUId "1350"]
[PlyCount "111"]
[Venue "Kilmurry Lodge Hotel, Dublin Rd, N7, Castletroy, Limerick"]
[EventDate "2004.07.10"]
[Source "ICU games archive"]
[BlackFullName "Mudr&aacute;k, Josef"]

{ Event information: <a
href="https://www.irlchess.com/irlch2004_allfiles/pairings_irlch2004.html">Tournament
report</a>. }

1. d4 Nf6 2. Bg5 g6 3. Bxf6 exf6 4. e3 Bg7 5. g3 O-O 6. Bg2 c5 7. c3 cxd4
8. cxd4 Qb6 9. Qd2 Nc6 10. Ne2 d6 11. O-O Re8 12. Nbc3 Bd7 13. Nd5 Qd8 14.
Rfc1 Rc8 15. b4 Bg4 16. Nef4 g5 17. Nd3 f5 18. b5 Ne7 19. Rxc8 Nxc8 20. Rc1
f4 21. exf4 gxf4 22. N3xf4 Nb6 23. h3 Be6 24. Nc7 Re7 25. Ncxe6 fxe6 26.
Nh5 Kh8 27. Nxg7 Rxg7 28. Re1 Qf6 29. Rc1 Rf7 30. Rc2 Qf5 31. Kh2 Qxb5 32.
Qh6 Qf5 33. Re2 Rf6 34. Qc1 Rf7 35. Qa3 Nc4 36. Qxa7 Kg7 37. Qa4 b5 38. Qc2
Qxc2 39. Rxc2 d5 40. Re2 Kf6 41. h4 Nd6 42. Bh3 Nf5 43. Bxf5 Kxf5 44. Re5+
Kf6 45. Re3 Ra7 46. a3 Ra4 47. Rf3+ Kg6 48. Rd3 Kf5 49. f3 Rc4 50. Kg1 Rc2
51. Rb3 Rd2 52. Rxb5 Rxd4 53. Kf2 h5 54. Rb2 Rc4 55. Ra2 Ra4 56. Ke3
1/2-1/2

[Event "Irish Championship 2004"]
[Site "Limerick IRL"]
[Date "2004.07.13"]
[Round "4"]
[White "Walsh, Paul"]
[Black "Keogh, Eamon"]
[Result "1/2-1/2"]
[BlackTitle "NM"]
[WhiteElo "2052"]
[BlackElo "2123"]
[WhiteICU "1991"]
[BlackICU "1938"]
[WhiteClub "Sarsfield"]
[BlackClub "Kilkenny"]
[WhiteNationality "IRL"]
[WhiteFideId "2501260"]
[BlackFideId "2500264"]
[WhiteICUId "3820"]
[BlackICUId "731"]
[PlyCount "53"]
[Venue "Kilmurry Lodge Hotel, Dublin Rd, N7, Castletroy, Limerick"]
[EventDate "2004.07.10"]
[Source "ICU games archive"]

{ Event information: <a
href="https://www.irlchess.com/irlch2004_allfiles/pairings_irlch2004.html">Tournament
report</a>. }

1. e4 e5 2. Nf3 d6 3. d4 exd4 4. Nxd4 g6 5. Nc3 Bg7 6. Bc4 Ne7 7. Bg5 Nbc6
8. Nd5 Qd7 9. Nf6+ Bxf6 10. Bxf6 Rg8 11. O-O Ne5 12. Be2 g5 13. Bxe5 dxe5
14. Nf5 Qc6 15. Ne3 a6 16. Bg4 Be6 17. Bxe6 Qxe6 18. Qd2 Qd7 19. Rad1 Qxd2
20. Rxd2 Rd8 21. Rfd1 Rxd2 22. Rxd2 Rg6 23. Kf1 Rd6 24. Ke2 Rxd2+ 25. Kxd2
Kd7 26. Kd3 Kd6 27. Nd1 1/2-1/2

[Event "Irish Championship 2004"]
[Site "Limerick IRL"]
[Date "2004.07.13"]
[Round "4"]
[White "Soh, Edmund"]
[Black "Jessel, Stephen"]
[Result "0-1"]
[WhiteElo "2068"]
[BlackElo "2238"]
[BlackICU "2065"]
[BlackClub "Phibsboro"]
[WhiteNationality "ENG"]
[BlackNationality "IRL"]
[WhiteFideId "408964"]
[BlackFideId "628859"]
[BlackICUId "4790"]
[PlyCount "102"]
[Venue "Kilmurry Lodge Hotel, Dublin Rd, N7, Castletroy, Limerick"]
[EventDate "2004.07.10"]
[Source "ICU games archive"]

{ Event information: <a
href="https://www.irlchess.com/irlch2004_allfiles/pairings_irlch2004.html">Tournament
report</a>. }

1. e4 e6 2. d4 d5 3. e5 c5 4. c3 Nc6 5. Nf3 Qb6 6. a3 a5 7. Bd3 Nh6 8. O-O
cxd4 9. cxd4 Nf5 10. Bxf5 exf5 11. Nc3 Be6 12. Na4 Qb5 13. Nc3 Qa6 14. Qe2
a4 15. Be3 Be7 16. Rac1 h6 17. h4 Kd7 18. Rfd1 Qxe2 19. Nxe2 Na5 20. g3 Nc4
21. Rc2 b5 22. Nd2 g5 23. hxg5 hxg5 24. Nc3 f4 25. gxf4 Bf5 26. Nxc4 Bxc2
27. Rc1 dxc4 28. Rxc2 gxf4 29. Bxf4 Rag8+ 30. Kf1 Kc6 31. d5+ Kb6 32. Ke2
Bc5 33. Ne4 Rh4 34. Kf3 Rgg4 35. Bg3 Rxe4 36. Bxh4 Rxh4 37. e6 fxe6 38.
dxe6 Kc6 39. Re2 Be7 40. Kg3 Rh6 41. f4 Rh8 42. Kg4 Rg8+ 43. Kf5 c3 44. Rc2
Kd5 45. Rxc3 Rf8+ 46. Kg4 Kxe6 47. Re3+ Kf7 48. b3 b4 49. axb4 a3 50. Re2
Bf6 51. Ra2 Bb2 0-1

[Event "Irish Championship 2004"]
[Site "Limerick IRL"]
[Date "2004.07.13"]
[Round "4"]
[White "Brady, Stephen"]
[Black "Ryan, Joe"]
[Result "0-1"]
[WhiteTitle "FM"]
[BlackTitle "FM"]
[WhiteElo "2365"]
[BlackElo "2294"]
[WhiteICU "2365"]
[BlackICU "2316"]
[WhiteClub "Phibsboro"]
[BlackClub "Phibsboro"]
[WhiteNationality "IRL"]
[BlackNationality "IRL"]
[WhiteFideId "2500124"]
[BlackFideId "2500426"]
[WhiteICUId "90"]
[BlackICUId "1525"]
[PlyCount "68"]
[Venue "Kilmurry Lodge Hotel, Dublin Rd, N7, Castletroy, Limerick"]
[EventDate "2004.07.10"]
[Source "ICU games archive"]

{ Annotator: Gerry Graham, <a
href="https://www.irlchess.com/irlch2004_allfiles/gerrygrahamreports/bulletin4.htm">Round
4 bulletin</a>. } { Event information: <a
href="https://www.irlchess.com/irlch2004_allfiles/pairings_irlch2004.html">Tournament
report</a>. }

1. e4 e6 2. d4 d5 3. Nd2 Nf6 4. e5 Nfd7 5. c3 c5 6. Bd3 Nc6 7. Ne2 cxd4 8.
cxd4 f6 9. exf6 Nxf6 10. Nf3 Bd6 11. O-O Qc7 12. g3 O-O 13. Bf4 Ng4 14. Rc1
Bxf4 15. Nxf4 Rxf4 16. gxf4 Qxf4 17. Be2 Bd7 18. Qd2 Rf8 19. Qxf4 Rxf4 20.
Rfd1 Nh6 21. Kg2 Nf5 22. Bb5 Rxf3 23. Kxf3 Nfxd4+ 24. Rxd4 Nxd4+ 25. Kf4
Bxb5 26. Rc7 Bc6 27. Ke5 Nf3+ 28. Kxe6 h6 29. b4 d4 30. Rc8+ Kh7 31. Rd8
Be4 32. Kd6 d3 33. Kc7 Nxh2 34. Rd4 Nf3 0-1

[Event "Irish Championship 2004"]
[Site "Limerick IRL"]
[Date "2004.07.14"]
[Round "5"]
[White "Jessel, Stephen"]
[Black "Fox, Anthony"]
[Result "1-0"]
[WhiteElo "2238"]
[BlackElo "2123"]
[WhiteICU "2065"]
[BlackICU "2059"]
[WhiteClub "Phibsboro"]
[BlackClub "Dun Laoghaire"]
[WhiteNationality "IRL"]
[BlackNationality "IRL"]
[WhiteFideId "628859"]
[BlackFideId "2500736"]
[WhiteICUId "4790"]
[BlackICUId "456"]
[PlyCount "109"]
[Venue "Kilmurry Lodge Hotel, Dublin Rd, N7, Castletroy, Limerick"]
[EventDate "2004.07.10"]
[Source "ICU games archive"]

{ Event information: <a
href="https://www.irlchess.com/irlch2004_allfiles/pairings_irlch2004.html">Tournament
report</a>. }

1. e4 e5 2. Nf3 Nc6 3. Bc4 Nf6 4. d3 Be7 5. Bb3 O-O 6. O-O d5 7. exd5 Nxd5
8. Re1 Bg4 9. h3 Bxf3 10. Qxf3 Nd4 11. Qe4 Nxb3 12. axb3 Bf6 13. Nc3 c6 14.
Qf3 Nxc3 15. bxc3 Re8 16. Ra4 g6 17. Rae4 Bg7 18. Bf4 f5 19. R4e3 e4 20.
dxe4 fxe4 21. Rxe4 Rxe4 22. Qxe4 Qd5 23. Qxd5+ cxd5 24. Re7 b5 25. Be5 Bxe5
26. Rxe5 Rd8 27. b4 a6 28. Re3 Kf7 29. f4 Rc8 30. Rd3 Ke6 31. Kf2 Rc4 32.
Ke3 h5 33. g3 a5 34. bxa5 Ra4 35. Kd2 Rxa5 36. Re3+ Kf6 37. Re5 Ra4 38. h4
Ra1 39. Rxd5 Rg1 40. Rg5 Rb1 41. Ke3 Rg1 42. Kd4 Rg2 43. c4 bxc4 44. c3 Rg1
45. Kxc4 Ra1 46. Kd5 Rd1+ 47. Kc5 Rd3 48. c4 Rc3 49. Kd5 Rd3+ 50. Kc6 Rc3
51. c5 Rb3 52. Kd7 Rd3+ 53. Kc7 Re3 54. c6 Rb3 55. Kd7 1-0